000 00299nam a22001337a 4500
008 170303b xxu||||| |||| 00| 0 eng d
020 _a9780323019378
041 _aeng
080 _26 ED
_a616.073
100 _a6
101 _aSHM
245 _aPATIENT CARE RADIOGRAPHY
_cEHRLICH
942 _2udc
_cBK
999 _c6675
_d6675